000 00460nam a2200181Ia 4500
005 20250508152436.0
008 008 250505s9999 xx 000 0 eng d
037 _aTextual
040 _aFEDL
_beng
_cFEDL
041 _aeng
_2eng
084 _a155.4, STR
_qFEDL
100 _aStrang
245 0 _aIntroduction to child study
300 _axx,542p.
650 _aChild Psychology
942 _cTEXL
_h155.4, STR
999 _c1336449
_d1336449